000 00406 a2200169 4500
001 72092
020 _a8532238262
040 _cAnchieta - Colégio São Paulo
100 _aSerrano, teresa Silvestri
240 1 0 _aAs novas descobertas de Zasp
_lpor
245 1 0 _aAs novas descobertas de Zasp
300 _a48
362 0 _a1998
440 1 _aFTD
650 4 _aLiteratura infanto-juvenil
942 _cBK
999 _c72092
_d72092